000 00591nam a2200229 i 4500
001 C2-0077050
003 PPAK
005 20180727082443.0
008 970429s1991 enka|||| ||||| | eng d
020 _a1854222465
040 _aPPAK
_beng
_cPPAK
_erda
082 0 4 _a780.92
_223
090 0 0 _a780.92
_bCLA
_dR
245 0 0 _aClassic composers
264 1 _aLeicester :
_bMagna Books ,
_c1991
300 _a194 pages :
_billustrations ;
_c29 cm
336 _2rdacontent
_atext
337 _2rdamedia
_aunmediated
338 _2rdacarrier
_avolume
650 1 0 _aComposers
942 _ddc
_cB
999 _c12250
_d12250